Responses for Show #3067 - Tuesday, December 23, 1997

Contestants

[<< previous game]

Jeff Kinstler, a trial lawyer from Reisterstown, Maryland

Elizabeth Haines, a data conversion operator from Richmond, Michigan

Larry Thompson, an actor from Smyrna, Georgia (whose 1-day cash winnings total $6,800)

[next game >>]

Jeopardy! Round responses

AWARDS
IN THE BOOKSTORE
INCREDIBLE EDIBLES
A CHRISTMAS SONGBOOK
ASTRONOMY
THE "BUCK" STOPS HERE
    $100 16
[Alex reads "N.A.A." as "National Aeronautic Association".]

Charles Lindbergh

Elizabeth
    $100 21
Robin Cook

Elizabeth
    $100 30
frog

Jeff
    $100 1
"O Come All Ye Faithful"

Larry
    $100 6
the North Star

Elizabeth
    $100 10
a sawbuck

Larry
    $200 17
(Jeff: What is the Spanish-American War?)

the Civil War

LarryJeff
    $200 22
Phil Jackson

Triple Stumper
    $200 27
peacocks

Elizabeth
    $200 2
underneath the mistletoe

Elizabeth
    $200 7
(Jeff: What are meteorites?)

comets

LarryJeff
    $200 12
"Buckle Up!"

Larry
    $300 18
Harvard

Larry
    $300 23
John Gotti

Larry
    $300 28
possum

Larry
    $500 3
(Elizabeth: Who is Patsy Cline?)

Brenda Lee

Elizabeth
    $300 8
a galaxy

Elizabeth
    $300 13
buckaroo

Elizabeth
    $400 19
Niels Bohr

Elizabeth
    $400 24
(Alex: And we have about a minute to go in the round.)

sibling rivalry

Larry
    $400 29
bird's nest

Larry
    $400 4
Meet Me in St. Louis

Larry
    $400 9
asteroids

Jeff
    $400 14
Lindsey Buckingham

Elizabeth
    $500 20
December

Triple Stumper
    $500 25
(Larry: Who is Ibsen?)

Philip Roth (Portnoy's Complaint)

Larry
Triple Stumper
    $500 26
the turtle

Elizabeth
    $500 5
the ancient Christmas carol (or the ancient Yuletide carol)

Larry
    $500 11
Saturn

Larry
    $500 15
a buckeye

Larry

Scores at the first commercial break (after clue 15):

Larry Elizabeth Jeff
$2,500 $800 $200

Scores at the end of the Jeopardy! Round:

Larry Elizabeth Jeff
$3,900 $2,100 $100

Double Jeopardy! Round responses

MUSEUMS
BETHLEHEM
'60s FLICKS
PHARMACOLOGY
NATIVE AMERICAN FOLKLORE
"V"ERBS
    $200 11
Guinness

Jeff
    $200 16
Church of the Nativity

Larry
    $200 6
Volkswagen Beetle

Jeff
    $200 19
Stimulants

Jeff
    $200 30
Totem

Larry
    $200 1
Vend

Larry
    $400 12
Surfing

Larry
    $400 17
Manger Square

Elizabeth
    $1,000 7
(J: What is "The Jungle Book?")

101 Dalmatians

Jeff
    $400 20
Pharmacy

Larry
    $400 29
Coyote

Larry
    $400 2
Vegetate

Larry
    $2,500 13
(Larry: Lichtenstein?)
(Alex: Larry, two things wrong--incorrect response and you also forgot to phrase in the form of a question.)

Andy Warhol

Larry
    $600 18
Intifada

Jeff
    $600 9
Romeo & Juliet

Elizabeth
    $600 23
Physician's Desk Reference

Jeff
    $600 26
Peace pipe

Larry
    $600 3
Vanquish

Elizabeth
    $800 14
St. Louis Cardinals

Larry
    $800 21
Bread

Jeff
    $800 8
Bob & Carol & Ted & Alice

Larry
    $800 24
(Larry: What is urology?)
(Alex: And we have about a minute left.)

Toxicology

LarryElizabeth
    $800 27
Pow-wow

Triple Stumper
    $800 4
Vacillate

Larry
    $1000 15
The Louvre or the National Gallery

Elizabeth
    $1000 22
Judea

Triple Stumper
    $1000 10
Peter O'Toole

Larry
    $1000 25
Curare

Jeff
    $1000 28
Thunderbirds

Triple Stumper
    $1000 5
Vex

Elizabeth

Scores at the end of the Double Jeopardy! Round:

Larry Elizabeth Jeff
$6,800 $6,500 $2,700

[wagering suggestions for these scores]

Final Jeopardy! Round responses

FOREIGN AIRLINES
(Alex: Larry, it would be the first time, if you're incorrect & risk everything, it would be the first time we've lost all three players since the first show 14 years ago.)
JeffWhat is Japan Air?
$2,700
ElizabethWhat is Quantas?
$6,500
LarryWhat Korean Air
$6,700
Mexicana Airlines

Final scores:

Larry Elizabeth Jeff
$100 $0 $0
2-day champion: $6,900 2nd place: Trip to Eden Roc Resort & Spa, Miami Beach, Florida 3rd place: Pair of Wiitnauer International Watches

Game dynamics:

Coryat scores:

Larry Elizabeth Jeff
$9,300 $7,000 $3,700
26 R,
3 W
(including 1 DD)
16 R,
1 W
(including 1 DD)
9 R,
3 W
(including 1 DD)

Combined Coryat: $20,000

[game clues] [game scores] [suggest correction]

Game tape date: Unknown
The J! Archive is created by fans, for fans. Scraping, republication, monetization, and malicious use prohibited; this site may use cookies and collect identifying information. See terms. The Jeopardy! game show and all elements thereof, including but not limited to copyright and trademark thereto, are the property of Jeopardy Productions, Inc. and are protected under law. This website is not affiliated with, sponsored by, or operated by Jeopardy Productions, Inc. Join the discussion at JBoard.tv.